000 01778cam a22004694i 4500
003 PE-LiUPU
005 20250731172935.0
008 150623s1995 miu r 000 0 eng d
020 _a0802808085
035 _a(Sirsi) i9780802808080
040 _aPE-LiUPU
_bspa
_cPE-LiUPU
_erda
049 _aPRUA
082 0 4 _a284.2
_bC18
_221
100 1 _aCalvino, Juan,
_eautor.
245 1 4 _aThe epistles of Paul the apostle to the Romans and to the Thessalonians.
_n8 /
_cJuan Calvino.
264 1 _aMichigan :
_bWilliam B. Eerdmans Publishing Company,
_c1995.
300 _a433 páginas ;
_c23 centímetros.
336 _atext
_2rdacontent
337 _aunmediated
_2rdamedia
338 _avolume
_2rdacarrier
490 0 _aCalvin's New Testament Commentaries ;
_v8
505 0 _aThe theme of the epistle of Paul to the romans: chapter 1- 16 -- Commentary on the first epistle to the thessalonians: chapter 1-5 -- Commentary on the second epistle to the thessalonians: 1-3.
526 _aSEG42
526 _aSEG41
526 _aSEG40
526 _aSEG39
526 _aP94
526 _aP87
526 _aP86
526 _aP85
526 _aP77
526 _aP76
526 _aP35
630 _aBiblia.
_pN.T.
_pRomanos
_xComentarios.
630 _aBiblia.
_pN.T.
_pTesalonicenses
_xComentarios.
942 _2ddc
_cBOOK
949 _a284.2 C18 8
_wDEWEY
_c1
_i44368
_lCCODEBUL1
_mBUL
_r0
_sY
_tBOOK
_u2015-6-24
_xTEOLOGIA
_PP35
_0COMPRA
_o.STAFF. Colección General
994 _aC0
_bPEPRU
596 _a1
999 _a284.2 C18 8
_wDEWEY
_c21248
_i44368
_d21248
_e2017-10-20
_f2021-11-11
_g5
_lCCODEBUL1
_mBUL
_n1
_p16.89
_r0
_sY
_tBOOK
_u2015-6-24
_xTEOLOGIA
_PP35
_0COMPRA
_o.STAFF. Colección Teología
980 _81
_gALBERTO SANCHEZ Responsable de Automatización